Catalog

Record Details

Catalog Search



Sociálně aktivizační služby a jejich přínos pro rodiny s dětmi v regionu měst Chrudim a Pardubice : absolventská práce  Cover Image Book Book

Sociálně aktivizační služby a jejich přínos pro rodiny s dětmi v regionu měst Chrudim a Pardubice : absolventská práce / Klára Saláková ; vedoucí práce Vladimír Mašát

Record details

  • Physical Description: 57 stran : přílohy ; 31 cm

Content descriptions

Dissertation Note:
Absolventská práce (Dis.), Jabok - Vyšší odborná škola sociálně pedagogická a teologická, 2014
Bibliography, etc. Note:
Obsahuje bibliografii
Genre: absolventské práce

Available copies

  • 1 of 1 copy available at Common Catalog SPOK.

Holds

  • 0 current holds with 1 total copy.
Show All Copies
Location Call Number / Copy Notes Barcode Shelving Location Status Due Date
Jabok Library ABP-2178 424480037290 Absolventské práce Reference -

Electronic resources

Version of Resource: Plný text


LDR ntm a22 i 4500
00124279
003CZ-PrJAB
00520180312111329.0
007ta
008 s2014 xr e 000 0 cze
035 . ‡a(CZ-PrJAB)23448
040 . ‡aABG312 ‡bcze ‡erda
072 7. ‡a364-1/-7 ‡xDruhy sociální pomoci a služeb ‡2Konspekt ‡918
1001 . ‡aSaláková, Klára ‡4aut
24510. ‡aSociálně aktivizační služby a jejich přínos pro rodiny s dětmi v regionu měst Chrudim a Pardubice : ‡babsolventská práce / ‡cKlára Saláková ; vedoucí práce Vladimír Mašát
264 0. ‡c2014
300 . ‡a57 stran : ‡bpřílohy ; ‡c31 cm
336 . ‡atext ‡btxt ‡2rdacontent
337 . ‡abez média ‡bn ‡2rdamedia
338 . ‡asvazek ‡bnc ‡2rdacarrier
502 . ‡aAbsolventská práce (Dis.), Jabok - Vyšší odborná škola sociálně pedagogická a teologická, 2014
504 . ‡aObsahuje bibliografii
6530 . ‡asociální práce ‡arodina ‡afunkce ‡aděti
655 7. ‡aabsolventské práce ‡7ph202176 ‡2czenas
7001 . ‡aMašát, Vladimír ‡4ths
7102 . ‡aJabok - Vyšší odborná škola sociálně pedagogická a teologická
85641. ‡uhttp://is.jabok.cz/th/ynsa3/ ‡yPlný text
910 . ‡aABG312
901 . ‡a24279 ‡b ‡c24279 ‡tbiblio

Additional Resources